[Event "IECG TE.2005.P.02003"]
[Site "IECG email"]
[Date "2005.12.19"]
[Round "?"]
[White "Montalvo Torres, Juan Gilberto"]
[Black "Martins, Karin"]
[Result "0-1"]
[WhiteElo "1997"]
[BlackElo "1463"]
[PlyCount "91"]
[EventDate "2005.12.19"]
[EventType "tourn (corr)"]
[EventRounds "8"]
[SourceTitle "Corr 2008"]
[Source "ChessBase"]
[SourceDate "2008.06.24"]
[SourceVersion "1"]
[SourceVersionDate "2008.06.24"]
[SourceQuality "1"]

1. e4 e5 2. Nf3 Nc6 3. c3 Nf6 4. d4 Nxe4 5. d5 Ne7 6. Nxe5 Ng6 7. Qe2 d6 8. Nxg6 hxg6 9. Qxe4+ Be7 10. Bb5+ Kf8 11. Be3 a6 12. Be2 Bf5 13. Qf4 Rh4 14. Qg3 Ra4 15. h4 Rxh4 16. Rxh4 Bxh4 17. Qh2 Be4 18. Bc4 b5 19. Nd2 bxc4 20. Nxe4 Qe7 21. 0-0-0 Qxe4 22. Rd4 Qe5 23. Qxh4 Kg8 24. Rd1 Rc8 25. Qxc4 a5 26. Rh1 Qf5 27. Qh4 f6 28. Rh3 Re8 29. Qa4 Rf8 30. Qc4 g5 31. g4 Qd7 32. f3 Rb8 33. Rh2 Qb5 34. Qxb5 Rxb5 35. c4 Rb8 36. b3 a4 37. bxa4 Ra8 38. Kb2 Rxa4 39. Kb3 Ra6 40. Kb4 Ra8 41. Kb5 Re8 42. Bd4 Rf8 43. Kc6 Rf7 44. a4 f5 45. a5 fxg4 46. fxg4 0-1

[Event "IECC P-3980"]
[Site "IECC email"]
[Date "2005.07.24"]
[Round "?"]
[White "Phillips, Gordon"]
[Black "Montalvo Torres, Juan Gilberto"]
[Result "1/2-1/2"]
[WhiteElo "2080"]
[BlackElo "2071"]
[PlyCount "35"]
[EventDate "2005.??.??"]
[EventType "tourn (corr)"]
[EventRounds "1"]
[SourceTitle "Corr 2008"]
[Source "ChessBase"]
[SourceDate "2008.06.24"]
[SourceVersion "1"]
[SourceVersionDate "2008.06.24"]
[SourceQuality "1"]

1. e4 c6 2. d4 d5 3. e5 Bf5 4. Nf3 e6 5. Be2 Nd7 6. 0-0 c5 7. c4 Ne7 8. Nc3 dxc4 9. Bxc4 a6 10. d5 Nb6 11. dxe6 fxe6 12. Qe2 Nxc4 13. Qxc4 Nd5 14. Bg5 b5 15. Qh4 Be7 16. Qh5+ Bg6 17. Qg4 Bf5 18. Qh5+ 1/2-1/2

[Event "IECG CA.2005.0.00144"]
[Site "IECG email"]
[Date "2005.01.30"]
[Round "?"]
[White "Montalvo Torres, Juan Gilberto"]
[Black "Bibens, Jean Paul"]
[Result "1/2-1/2"]
[WhiteElo "2035"]
[BlackElo "2000"]
[PlyCount "90"]
[EventDate "2005.01.30"]
[EventType "tourn (corr)"]
[EventRounds "6"]
[SourceTitle "Corr 2008"]
[Source "ChessBase"]
[SourceDate "2008.06.24"]
[SourceVersion "1"]
[SourceVersionDate "2008.06.24"]
[SourceQuality "1"]

1. d4 c5 2. d5 e5 3. e4 d6 4. Bb5+ Bd7 5. a4 Nf6 6. Qf3 Bxb5 7. axb5 Nbd7 8. Ne2 a6 9. bxa6 Qb6 10. 0-0 Rxa6 11. Na3 Qb4 12. c4 Be7 13. Ng3 0-0 14. Nf5 Re8 15. b3 Bf8 16. Nc2 Qb6 17. Rxa6 bxa6 18. Bd2 Rb8 19. Rb1 g6 20. Nh6+ Bxh6 21. Bxh6 a5 22. Bg5 Kg7 23. Qd3 a4 24. f3 axb3 25. Bd2 Ne8 26. Rb2 Nc7 27. Na3 Kf8 28. Kf2 Kg7 29. Kg3 h5 30. h3 Rb7 31. Qe3 Kf8 32. Kh2 Kg8 33. Qc3 Rb8 34. Qd3 Rb7 35. Nb5 Nxb5 36. Rxb3 Qa6 37. cxb5 Qa4 38. Rb2 Nb6 39. Bg5 Kg7 40. Bc1 f6 41. Qe2 h4 42. Ra2 Qb3 43. Ra3 Qc4 44. Qd2 g5 45. Qb2 Qf1 1/2-1/2

[Event "IECG WC.2002.F.00007 email"]
[Site "IECG email"]
[Date "2002.12.15"]
[Round "?"]
[White "Montalvo Torres, Juan Gilberto"]
[Black "Billion, Paul"]
[Result "1/2-1/2"]
[WhiteElo "2038"]
[BlackElo "2071"]
[PlyCount "158"]
[EventDate "2002.12.15"]
[EventType "tourn (corr)"]
[EventRounds "10"]
[SourceTitle "Corr 2008"]
[Source "ChessBase"]
[SourceDate "2008.06.24"]
[SourceVersion "1"]
[SourceVersionDate "2008.06.24"]
[SourceQuality "1"]

1. e4 c5 2. Nf3 d6 3. Bb5+ Bd7 4. a4 Nf6 5. Qe2 Nc6 6. 0-0 a6 7. Bxc6 Bxc6 8. d3 g6 9. e5 Nd5 10. Re1 Bg7 11. exd6 Qxd6 12. Na3 0-0 13. Nc4 Qc7 14. Nce5 b6 15. Bd2 Bb7 16. c4 Nf6 17. a5 b5 18. cxb5 axb5 19. b4 cxb4 20. Bxb4 Nd5 21. Rec1 Qd8 22. Bd2 b4 23. Rc5 Qd6 24. d4 Nc7 25. Qe3 Bxf3 26. Nxf3 Rfb8 27. Qe4 Ne6 28. Rc6 Qd7 29. Rb1 Nxd4 30. Nxd4 Bxd4 31. Bxb4 Qb7 32. Qc2 Rxa5 33. Rc4 Rg5 34. g3 Rd5 35. Qe2 Rbd8 36. Qxe7 Bxf2+ 37. Kg2 Qa8 38. Qe4 Bc5 39. Bxc5 Re8 40. Be7 Rd2+ 41. Kh3 Qa2 42. Rh1 Re2 43. Ra4 Qd2 44. Rd4 Qh6+ 45. Qh4 Qe3 46. Qf6 Rf2 47. Rf4 Rxf4 48. Qxf4 Qxf4 49. gxf4 Rxe7 50. Kg4 Re3 51. f5 Re4+ 52. Kf3 gxf5 53. Rg1+ Rg4 54. Rb1 Kg7 55. Rb6 Ra4 56. Rb2 Kg6 57. Rg2+ Rg4 58. Rd2 h5 59. Rd7 Rb4 60. Rc7 h4 61. Rc1 Kg5 62. Rg1+ Rg4 63. Rb1 Rf4+ 64. Ke3 Ra4 65. Rg1+ Rg4 66. Rh1 Rg2 67. Kf3 h3 68. Rd1 Rxh2 69. Kg3 Rb2 70. Kxh3 f4 71. Rd5+ f5 72. Rd6 Re2 73. Ra6 f3 74. Kg3 f2 75. Kg2 Rc2 76. Rb6 Kf4 77. Rb8 Rd2 78. Rf8 Rb2 79. Ra8 Re2 1/2-1/2

[Event "IECG WC.2002.F.00007 email"]
[Site "IECG email"]
[Date "2002.12.15"]
[Round "?"]
[White "Schubert, Steffen"]
[Black "Montalvo Torres, Juan Gilberto"]
[Result "1-0"]
[WhiteElo "2064"]
[BlackElo "2038"]
[PlyCount "49"]
[EventDate "2002.12.15"]
[EventType "tourn (corr)"]
[EventRounds "10"]
[SourceTitle "Corr 2008"]
[Source "ChessBase"]
[SourceDate "2008.06.24"]
[SourceVersion "1"]
[SourceVersionDate "2008.06.24"]
[SourceQuality "1"]

1. e4 c6 2. d4 d5 3. e5 Bf5 4. Nf3 e6 5. Be2 Ne7 6. 0-0 h6 7. b3 Nd7 8. c4 c5 9. Bb2 dxc4 10. bxc4 Qb6 11. Qb3 cxd4 12. Nxd4 Rd8 13. Rd1 Ng6 14. Nxf5 exf5 15. Nc3 Bc5 16. Nd5 Qc6 17. Qc3 Rg8 18. Bh5 Ngf8 19. Bf3 Qc8 20. Qc2 g6 21. Qa4 Nh7 22. Rd3 Kf8 23. Rad1 Re8 24. Nc7 Nxe5 25. Bxe5 1-0

[Event "Liape Open-006 email"]
[Site "Liape email"]
[Date "2002.09.30"]
[Round "1"]
[White "Jaros, Ernst"]
[Black "Montalvo Torres, Juan Gilberto"]
[Result "1-0"]
[WhiteElo "1600"]
[BlackElo "2075"]
[PlyCount "109"]
[EventDate "2002.09.30"]
[EventType "tourn (corr)"]
[EventRounds "6"]
[EventCountry "ARG"]
[SourceTitle "Corr 2006"]
[Source "ChessBase"]
[SourceDate "2006.04.01"]
[SourceVersion "3"]
[SourceVersionDate "2006.04.01"]
[SourceQuality "1"]

1. d4 d5 2. c4 dxc4 3. Nf3 Nf6 4. e3 Bg4 5. Bxc4 e6 6. h3 Bh5 7. Nc3 Nbd7 8. 0-0 Be7 9. e4 0-0 10. Be3 Rc8 11. Be2 c5 12. e5 Nd5 13. Nxd5 exd5 14. b3 a6 15. Rc1 b5 16. dxc5 Nxc5 17. Nd4 Bxe2 18. Nxe2 Qd7 19. Nf4 Rfd8 20. Qf3 d4 21. Rcd1 Ne6 22. Nxe6 Qxe6 23. Bxd4 Rc2 24. a3 a5 25. Qb7 Rdc8 26. Qxb5 Bxa3 27. Qxa5 Qxb3 28. Rb1 Qc4 29. Rfd1 Be7 30. Rb7 Bf8 31. Be3 Ra2 32. Qd5 Ra1 33. Qxc4 Rxd1+ 34. Qf1 Rxf1+ 35. Kxf1 h5 36. Ke2 Re8 37. Rb5 g6 38. Kf3 Bg7 39. Bd4 Kh7 40. Ke4 f5+ 41. Kd5 Rd8+ 42. Kc4 Rc8+ 43. Rc5 Rd8 44. h4 f4 45. Rc6 Kh6 46. Rd6 Re8 47. Kd5 Kh7 48. e6 Bxd4 49. Kxd4 g5 50. hxg5 Kg6 51. e7+ Kxg5 52. Re6 f3 53. g3 Kg4 54. Ke4 Kg5 55. Kxf3 1-0

[Event "IECC Y2KO email"]
[Site "IECC email"]
[Date "2001.09.24"]
[Round "?"]
[White "Mano, Alexandre"]
[Black "Montalvo Torres, Juan Gilberto"]
[Result "0-1"]
[WhiteElo "1790"]
[BlackElo "2079"]
[PlyCount "136"]
[EventDate "2001.??.??"]
[EventType "tourn (corr)"]
[EventRounds "6"]
[SourceTitle "Corr 2008"]
[Source "ChessBase"]
[SourceDate "2008.06.24"]
[SourceVersion "1"]
[SourceVersionDate "2008.06.24"]
[SourceQuality "1"]

1. e4 c6 2. Nf3 d5 3. Nc3 Bg4 4. h3 Bxf3 5. Qxf3 Nf6 6. d3 e6 7. Bd2 Nbd7 8. g4 Bc5 9. g5 Ng8 10. 0-0-0 Qb6 11. Na4 Qa6 12. Nxc5 Nxc5 13. Bc3 Ne7 14. d4 dxe4 15. Qg4 Nd3+ 16. cxd3 e3 17. fxe3 Nd5 18. Bd2 Qxa2 19. Bg2 Rc8 20. Rhf1 b5 21. Rde1 b4 22. Kd1 Qxb2 23. Bxd5 cxd5 24. e4 0-0 25. exd5 exd5 26. Re5 Qc2+ 27. Ke2 b3 28. Rc1 Qxc1 29. Bxc1 Rxc1 30. Qd7 b2 31. Re8 Re1+ 32. Kxe1 b1Q+ 33. Kf2 Qc2+ 34. Ke3 Qc1+ 35. Ke2 Qxg5 36. Rxf8+ Kxf8 37. Qc8+ Ke7 38. Qc7+ Ke6 39. Qc6+ Kf5 40. Qxd5+ Kg6 41. Qc6+ f6 42. Qe4+ f5 43. Qc6+ Kh5 44. Qf3+ Kh6 45. d5 Qe7+ 46. Kd2 Kg6 47. Qf2 Qb4+ 48. Kc2 a5 49. Qg1+ Kf6 50. Qa1+ Kf7 51. Qe5 Qa4+ 52. Kd2 Qd7 53. d6 a4 54. h4 a3 55. Qc5 a2 56. Qc4+ Kg6 57. Qxa2 Qxd6 58. Qc4 Kh5 59. Qf7+ Qg6 60. Qe7 Qg2+ 61. Ke3 Qg3+ 62. Ke2 Qg4+ 63. Kf1 Qd1+ 64. Kf2 Qd2+ 65. Kg1 Kg4 66. Qe5 g6 67. d4 f4 68. d5 Kh3 0-1

[Event "IECG WC.2003.S.00011 email"]
[Site "IECG email"]
[Date "2001.04.01"]
[Round "?"]
[White "Johansen, John Martin"]
[Black "Montalvo Torres, Juan Gilberto"]
[Result "0-1"]
[WhiteElo "2323"]
[BlackElo "1906"]
[PlyCount "126"]
[EventDate "2001.04.01"]
[EventType "tourn (corr)"]
[EventRounds "8"]
[SourceTitle "Corr 2008"]
[Source "ChessBase"]
[SourceDate "2008.06.24"]
[SourceVersion "1"]
[SourceVersionDate "2008.06.24"]
[SourceQuality "1"]

1. d4 d5 2. c4 dxc4 3. e4 e5 4. Nf3 Bb4+ 5. Nc3 exd4 6. Nxd4 Qe7 7. Bxc4 Nf6 8. 0-0 0-0 9. Bf4 Nbd7 10. Qc2 Nb6 11. Bd3 Bxc3 12. Qxc3 c6 13. f3 Rd8 14. Bc2 Nh5 15. Be3 c5 16. Nb5 Bd7 17. a4 Bxb5 18. axb5 Nd7 19. Bb3 Nhf6 20. Rfd1 b6 21. Bg5 h6 22. Bh4 g5 23. Bg3 Nf8 24. Bc4 Ng6 25. Be1 Ne5 26. Be2 Nh5 27. g3 Rxd1 28. Rxd1 Ng7 29. b4 Rc8 30. Bf2 Nd7 31. bxc5 bxc5 32. Bf1 Nb6 33. Be3 Ne6 34. Kg2 Rc7 35. Rc1 Qd8 36. Kf2 Rd7 37. Qa3 Rc7 38. Qb2 Qe7 39. Qc3 Na4 40. Qe5 Nb6 41. Be2 Nd7 42. Qc3 Nb6 43. Kg1 Na4 44. Qe5 Nb6 45. Kg2 Nd7 46. Qc3 Qd6 47. Rd1 Qe5 48. Qxe5 Nxe5 49. f4 Nd7 50. f5 Nd4 51. Bxd4 cxd4 52. Rxd4 f6 53. Rd6 Kg7 54. Rc6 Rb7 55. h3 Ne5 56. Ra6 Rc7 57. Kf2 Kf7 58. Ke3 Re7 59. Kd4 Rd7+ 60. Kc5 Rc7+ 61. Kd5 Rd7+ 62. Rd6 Ke7 63. Bh5 Rxd6+ 0-1

[Event "IECG CP.1999.Q.00011"]
[Site "IECG email"]
[Date "2000.10.01"]
[Round "?"]
[White "Montalvo Torres, Juan Gilberto"]
[Black "Baci, Vedran"]
[Result "1/2-1/2"]
[WhiteElo "1874"]
[BlackElo "1699"]
[PlyCount "47"]
[EventDate "2000.10.01"]
[EventType "tourn (corr)"]
[EventRounds "8"]
[EventCountry "CHI"]
[SourceTitle "Corr 2008"]
[Source "ChessBase"]
[SourceDate "2008.06.24"]
[SourceVersion "1"]
[SourceVersionDate "2008.06.24"]
[SourceQuality "1"]

1. e4 d5 2. exd5 Qxd5 3. Nc3 Qa5 4. d4 c6 5. Bc4 Bf5 6. Nf3 Nf6 7. Bd2 e6 8. Qe2 Bb4 9. Ne5 Nbd7 10. Nxd7 Nxd7 11. a3 Bxc3 12. Bxc3 Qc7 13. g4 Bg6 14. h4 h5 15. g5 0-0-0 16. 0-0-0 Rhe8 17. Bd3 Bxd3 18. Rxd3 g6 19. Qf3 Nb6 20. Ba5 Rd5 21. Bxb6 axb6 22. c3 Red8 23. Qe4 Rf5 24. Rf3 1/2-1/2

[Event "IECG CP.1999.Q.00011"]
[Site "IECG email"]
[Date "2000.10.01"]
[Round "?"]
[White "Montalvo Torres, Juan Gilberto"]
[Black "Hage, Henk H"]
[Result "1-0"]
[WhiteElo "1874"]
[BlackElo "2279"]
[PlyCount "63"]
[EventDate "2000.10.01"]
[EventType "tourn (corr)"]
[EventRounds "8"]
[EventCountry "CHI"]
[SourceTitle "Corr 2008"]
[Source "ChessBase"]
[SourceDate "2008.06.24"]
[SourceVersion "1"]
[SourceVersionDate "2008.06.24"]
[SourceQuality "1"]

1. e4 e6 2. d4 d5 3. Nc3 Bb4 4. e5 c5 5. a3 Bxc3+ 6. bxc3 Ne7 7. Qg4 0-0 8. Bd3 Nbc6 9. Qh5 Nf5 10. Nf3 f6 11. g4 c4 12. gxf5 cxd3 13. Rg1 Qe8 14. Qxe8 Rxe8 15. Bh6 g6 16. fxg6 fxe5 17. Nxe5 Nxe5 18. dxe5 hxg6 19. cxd3 Kf7 20. h4 Rh8 21. Bg5 Bd7 22. Rb1 b6 23. Rb4 Rh5 24. Rf4+ Kg7 25. Bf6+ Kh7 26. Rfg4 Rg8 27. Ke2 b5 28. c4 bxc4 29. dxc4 dxc4 30. Rb1 Bc8 31. Rb5 g5 32. Rc5 1-0

[Event "IECG CP.1999.Q.00011"]
[Site "IECG email"]
[Date "2000.10.01"]
[Round "?"]
[White "Otto, Jeffrey M"]
[Black "Montalvo Torres, Juan Gilberto"]
[Result "0-1"]
[WhiteElo "1955"]
[BlackElo "1874"]
[PlyCount "134"]
[EventDate "2000.10.01"]
[EventType "tourn (corr)"]
[EventRounds "8"]
[EventCountry "CHI"]
[SourceTitle "Corr 2008"]
[Source "ChessBase"]
[SourceDate "2008.06.24"]
[SourceVersion "1"]
[SourceVersionDate "2008.06.24"]
[SourceQuality "1"]

1. c4 e5 2. g3 Nf6 3. Bg2 d5 4. cxd5 Nxd5 5. Nc3 Nb6 6. Nf3 Nc6 7. 0-0 Be7 8. d3 0-0 9. a3 a5 10. Be3 Kh8 11. Rc1 f5 12. Na4 Nxa4 13. Qxa4 Bf6 14. b4 Bd7 15. b5 Ne7 16. d4 e4 17. Ne5 Nd5 18. Bd2 Be6 19. Qc2 a4 20. Qb2 Qd6 21. e3 Bxe5 22. dxe5 Qb6 23. Rc2 Rfd8 24. Rfc1 Rd7 25. Be1 Rc8 26. Rd2 Ne7 27. Qb4 Ng6 28. Rxd7 Bxd7 29. Rc5 Qe6 30. Qd4 Ne7 31. Bf1 b6 32. Rc1 c5 33. Qd6 Ng6 34. Bc3 Nf8 35. Qxe6 Bxe6 36. Rd1 g5 37. Rd6 Rb8 38. h3 h5 39. Be2 g4 40. Kg2 Kg8 41. hxg4 hxg4 42. Bb2 Kf7 43. Bd1 Bb3 44. Be2 Ne6 45. Rd7+ Ke8 46. Rh7 Rd8 47. Bc3 Bd1 48. Bc4 Nf8 49. Rh6 Bb3 50. Be2 Be6 51. Kf1 Kf7 52. Kg2 Kg7 53. Rh1 Kg6 54. Rh8 Bb3 55. Kf1 Ne6 56. Rxd8 Nxd8 57. e6 Nxe6 58. Be5 Bc2 59. Ke1 Bd3 60. Kd2 Bxe2 61. Kxe2 Kf7 62. Kd2 Ke7 63. Kc3 Kd7 64. Kc4 Ng5 65. Kd5 Nh3 66. Bc3 Nxf2 67. Ke5 Nd1 0-1

[Event "IECG CP.1999.Q.00011"]
[Site "IECG email"]
[Date "2000.10.01"]
[Round "?"]
[White "Rakovic, Miroslav"]
[Black "Montalvo Torres, Juan Gilberto"]
[Result "1/2-1/2"]
[WhiteElo "1349"]
[BlackElo "1874"]
[PlyCount "101"]
[EventDate "2000.10.01"]
[EventType "tourn (corr)"]
[EventRounds "8"]
[EventCountry "CHI"]
[SourceTitle "Corr 2008"]
[Source "ChessBase"]
[SourceDate "2008.06.24"]
[SourceVersion "1"]
[SourceVersionDate "2008.06.24"]
[SourceQuality "1"]

1. e4 c6 2. d4 d5 3. exd5 cxd5 4. c4 Nf6 5. Nc3 Nc6 6. Bg5 Qa5 7. a3 Ne4 8. b4 Nxc3 9. Qc1 Qd8 10. Qxc3 dxc4 11. Bxc4 Qxd4 12. Ne2 Qxc3+ 13. Nxc3 Bf5 14. Nd5 Rc8 15. 0-0 e6 16. Rfe1 h6 17. Bf4 g5 18. Bg3 Bg7 19. Rad1 Nd4 20. Ne3 Be4 21. Bd6 b5 22. Ba2 Bc2 23. Rc1 Rc6 24. Bc5 Bd3 25. Bxd4 Rxc1 26. Rxc1 Bxd4 27. Rd1 Bxe3 28. Rxd3 Bb6 29. Bb3 Ke7 30. Kf1 Rc8 31. Ke2 h5 32. h3 f5 33. g3 g4 34. hxg4 hxg4 35. f3 gxf3+ 36. Rxf3 Rh8 37. a4 Rh2+ 38. Kd3 a6 39. axb5 axb5 40. Bd1 Bc7 41. Be2 Bd6 42. Ke3 Bxb4 43. Bxb5 Bc5+ 44. Kd3 Rg2 45. Bc6 Kd6 46. Bb7 Ra2 47. Bc8 Bb6 48. Kc4 Ra8 49. Bb7 Ra7 50. Rd3+ Ke5 51. Bg2 1/2-1/2

[Event "IECC M email"]
[Site "IECC email"]
[Date "2000.06.20"]
[Round "?"]
[White "De Leeuw, Dirk"]
[Black "Montalvo Torres, Juan Gilberto"]
[Result "0-1"]
[WhiteElo "1940"]
[BlackElo "2013"]
[PlyCount "128"]
[EventDate "2000.??.??"]
[EventType "tourn (corr)"]
[EventRounds "2"]
[SourceTitle "Corr 2008"]
[Source "ChessBase"]
[SourceDate "2008.06.24"]
[SourceVersion "1"]
[SourceVersionDate "2008.06.24"]
[SourceQuality "1"]

1. d4 d5 2. c4 dxc4 3. e4 e5 4. Nf3 Bb4+ 5. Bd2 Bxd2+ 6. Qxd2 exd4 7. Nxd4 Qe7 8. f3 Nf6 9. Bxc4 0-0 10. Nc3 Nbd7 11. 0-0 Ne5 12. Bb3 c5 13. Nde2 c4 14. Bc2 Rd8 15. Qe3 Nd3 16. Rad1 Nxb2 17. Rxd8+ Qxd8 18. Rb1 Nd3 19. Rd1 Be6 20. Bxd3 cxd3 21. Rxd3 Qa5 22. Rd4 Qb6 23. Nf4 Bc4 24. Kh1 Rc8 25. Qd2 Qc7 26. Nd3 a6 27. f4 b5 28. e5 Ne8 29. Nb2 Be6 30. Nbd1 h6 31. Nd5 Bxd5 32. Rxd5 Qc1 33. Rd8 Qxd2 34. Rxd2 f6 35. e6 f5 36. g3 Rc6 37. Re2 Rc1 38. Rd2 Kf8 39. Kg2 Ke7 40. Nf2 Rc4 41. Re2 Nc7 42. Nd1 Nxe6 43. Ne3 Rc5 44. Rd2 a5 45. Nd5+ Kf7 46. Ne3 b4 47. h4 h5 48. Rd7+ Ke8 49. Ra7 g6 50. Ra6 Kf7 51. Ra7+ Nc7 52. Rb7 Kf8 53. Ra7 Ke8 54. Kf2 Kd7 55. Rb7 Rc3 56. Ra7 Ra3 57. Nd5 Rxa2+ 58. Ke3 Rc2 59. Nxc7 Rxc7 60. Rxa5 Rc3+ 61. Kf2 Kc6 62. Ra6+ Kb5 63. Rxg6 b3 64. Rg8 Rc6 0-1

[Event "IECC KO email"]
[Site "IECC email"]
[Date "2000.06.06"]
[Round "?"]
[White "Montalvo Torres, Juan Gilberto"]
[Black "Hoefer, Hans Peter"]
[Result "1/2-1/2"]
[WhiteElo "1999"]
[BlackElo "1911"]
[PlyCount "104"]
[EventDate "2000.??.??"]
[EventType "tourn (corr)"]
[EventRounds "6"]
[SourceTitle "Corr 2008"]
[Source "ChessBase"]
[SourceDate "2008.06.24"]
[SourceVersion "1"]
[SourceVersionDate "2008.06.24"]
[SourceQuality "1"]

1. e4 d6 2. d4 Nf6 3. Nc3 g6 4. Be3 Bg7 5. f3 c6 6. Qd2 b5 7. Nge2 Nbd7 8. Nf4 0-0 9. g4 b4 10. Nce2 a5 11. g5 Ne8 12. h4 e5 13. Nd3 f5 14. exf5 Rxf5 15. Bh3 Rxf3 16. Bg2 Rf8 17. Bxc6 Ra6 18. Bd5+ Kh8 19. h5 Nb6 20. Bb3 Bb7 21. Rh4 a4 22. Be6 Nc7 23. d5 Bxd5 24. Bxd5 Nbxd5 25. hxg6 Qe8 26. Nxb4 Nxb4 27. Qxb4 Qxg6 28. Qb7 d5 29. Qxc7 d4 30. Bd2 Rc6 31. Qb7 Rxc2 32. Qe4 Qxe4 33. Rxe4 Rxb2 34. Bc1 Rb7 35. Ba3 Rf3 36. Bd6 Kg8 37. Rc1 Rf5 38. Rc5 Rb1+ 39. Kd2 Rxg5 40. Nxd4 Ra1 41. Rc8+ Kf7 42. Rc7+ Kg6 43. Rxg7+ Kxg7 44. Ne6+ Kg6 45. Nxg5 Rxa2+ 46. Kd3 Kxg5 47. Rxe5+ Kg4 48. Be7 Ra1 49. Rg5+ Kf3 50. Ra5 Rd1+ 51. Kc3 Re1 52. Bf6 Rc1+ 1/2-1/2

[Event "IECC KO email"]
[Site "IECC email"]
[Date "2000.02.21"]
[Round "?"]
[White "Hakuc, Waclaw"]
[Black "Montalvo Torres, Juan Gilberto"]
[Result "0-1"]
[WhiteElo "1825"]
[BlackElo "1990"]
[PlyCount "92"]
[EventDate "2000.??.??"]
[EventType "tourn (corr)"]
[EventRounds "6"]
[SourceTitle "Corr 2008"]
[Source "ChessBase"]
[SourceDate "2008.06.24"]
[SourceVersion "1"]
[SourceVersionDate "2008.06.24"]
[SourceQuality "1"]

1. e4 c6 2. d4 d5 3. e5 Bf5 4. Nf3 e6 5. c3 Nd7 6. Be2 Ne7 7. 0-0 Ng6 8. Qb3 Qb6 9. Be3 f6 10. exf6 gxf6 11. Qxb6 Nxb6 12. a4 Nd7 13. a5 Bd6 14. a6 b5 15. Re1 e5 16. h3 Rg8 17. b3 e4 18. Nfd2 Nh4 19. Bh5+ Ke7 20. g4 Be6 21. f4 f5 22. Bf2 Ng6 23. Bxg6 Rxg6 24. Bh4+ Kf7 25. Bg3 fxg4 26. h4 Nf6 27. c4 Bb4 28. Rc1 e3 29. Nf1 e2 30. f5 Bxf5 31. Ne3 Bxb1 32. Rcxb1 Re8 33. Be5 dxc4 34. bxc4 Bc3 35. Kf2 c5 36. cxb5 g3+ 37. Kxe2 cxd4 38. Nc4 Nd7 39. h5 Rge6 40. Ra4 Nxe5 41. Nxe5+ Rxe5+ 42. Kf1 Rg8 43. Kg2 Re2+ 44. Kf3 Rf2+ 45. Ke4 g2 46. Rg1 Ke6 0-1